| 000 | 00554nam a22001937a 4500 | ||
|---|---|---|---|
| 003 | AM-YEHGA | ||
| 005 | 20250617160511.0 | ||
| 008 | 201130s1990 yu ||||| |||| 00| 0 srp d | ||
| 040 | _aAM-YeHGA | ||
| 041 | 0 | _asrp | |
| 100 | 1 | _aХорват, Борислав | |
| 245 | 1 | 0 |
_aУзглавље мртвих : _bПесме / _cБорислав Хорват. |
| 260 |
_aКрагуjевац : _bАбрашевић, _c1990. |
||
| 300 | _a32 p. | ||
| 440 | 0 |
_aБ-ка Двери _v1 |
|
| 650 | 1 | 4 | _aSerbian literature |
| 942 |
_2udc _cBK |
||
| 090 | _c457443 | ||
| 999 |
_c454452 _d454452 |
||